000
00333nam a22001457a 4500
008
210429b ||||| |||| 00| 0 eng d
020
_a
9780816026593
041
_a
eng
080
_a
030
082
_a
030
100
_a
23
101
_a
ENC
245
_a
The Encyclopedia of Earthquakes & Volcanoes
_c
Ritchie,D
942
_2
udc
_c
BK
999
_c
57014
_d
57014